Situación de la pobreza en El Salvador

En este artículo se hace referencia a dos encuestas realizadas en El Salvador a principios de los noventa con las cuales se pretendió evaluar la pobreza del país. En general, se hace una crítica a los métodos utilizados para hacer este tipo de evaluación, basándose en ciertos argumentos aquí señalad...

Πλήρης περιγραφή

Αποθηκεύτηκε σε:
Λεπτομέρειες βιβλιογραφικής εγγραφής
Μορφή: Κείμενο
Θέματα:
Ετικέτες: Προσθήκη ετικέτας
Δεν υπάρχουν, Καταχωρήστε ετικέτα πρώτοι!

MARC

LEADER 00000 a a2200000 04500
001 5888
003
040
245 |a Situación de la pobreza en El Salvador  
520 |a En este artículo se hace referencia a dos encuestas realizadas en El Salvador a principios de los noventa con las cuales se pretendió evaluar la pobreza del país. En general, se hace una crítica a los métodos utilizados para hacer este tipo de evaluación, basándose en ciertos argumentos aquí señalados. En este documento se sostiene que los resultados de estas encuestas que apuntan a una disminución de la pobreza, dejan muchas dudas y se ofrecen varios datos que reflejan lo contrario./MSD  
650 |a POLITICA SOCIAL  
650 |a ENCUESTAS SOCIALES  
650 |a POBREZA  
650 |a POBREZA  
650 |a INGRESO  
650 |a EMPLEO  
773 |g volumen 15, número 635; páginas 6-8  
999 |c 29841  |d 29841